25 größte Städte des Deutschen Reiches im Jahre 1905 auf einer Karte - Statistiken

Allgemein
  • Dieses Quiz wurde 133 mal gespielt
  • Das Durchschnittsergebnis liegt bei 21 aus 25
Antworten auf der Karte
Die Antworten werden auf der Karte rot bzw. grün angezeigt, abhängig davon wie oft sie richtig erraten wurden.
 
Antwortstatistiken
Städte % Korrekt
München
100%
Berlin
99%
Nürnberg
98%
Dresden
97%
Hamburg
97%
Leipzig
97%
Bremen
96%
Köln
96%
Stuttgart
96%
Kiel
95%
Dortmund
94%
Frankfurt am Main
94%
Düsseldorf
93%
Essen
91%
Hannover
91%
Magdeburg
84%
Chemnitz
82%
Duisburg
79%
Straßburg
77%
Königsberg
76%
Breslau
73%
Halle an der Saale
71%
Stettin
59%
Charlottenburg
51%
Altona
49%
Keine übereinstimmenden Quizze gefunden
Verteilung der Resultate
Anzahl Personen mit jedem Resultat
Perzentil nach korrekt beantworteten Fragen
Ihre Resultats-Entwicklung
Sie haben dieses Quiz noch nicht gespielt